| 000 | 00513nam a22001931a 4500 | ||
|---|---|---|---|
| 001 | 1210 | ||
| 003 | OSt | ||
| 005 | 20260204211725.0 | ||
| 008 | 040117s1999||||dr ||||||b||||||||||spa|| | ||
| 050 | _aRD 378.1 M473u | ||
| 082 | _aRD 378.1 M473u | ||
| 100 | _aMejía Ricart, Tirso | ||
| 245 | _aLa universidad en la historia universal / Tirso Mejía Ricart | ||
| 250 | _a2 | ||
| 264 | _aSanto Domingo : Universitaria | ||
| 300 | _a552 p. | ||
| 650 | _a1.Universidades 2.Historia UniversidadÌ | ||
| 942 |
_2ddc _cBK |
||
| 999 |
_c1210 _d1210 |
||